Study on the revenue growth and financial performance of ITC limited / (Record no. 231686)
[ view plain ]
| 000 -LEADER | |
|---|---|
| fixed length control field | 00739nam a22001937a 4500 |
| 003 - CONTROL NUMBER IDENTIFIER | |
| control field | OSt |
| 005 - DATE AND TIME OF LATEST TRANSACTION | |
| control field | 20240902105057.0 |
| 008 - FIXED-LENGTH DATA ELEMENTS--GENERAL INFORMATION | |
| fixed length control field | 240902b ||||| |||| 00| 0 eng d |
| 040 ## - CATALOGING SOURCE | |
| Transcribing agency | AIMIT LIBRARY |
| 100 ## - MAIN ENTRY--PERSONAL NAME | |
| Personal name | Martis, Jason Stewart. |
| Relator term | 2216073 |
| 9 (RLIN) | 178401 |
| 245 ## - TITLE STATEMENT | |
| Title | Study on the revenue growth and financial performance of ITC limited / |
| Statement of responsibility, etc. | By Jason Stewart Martis ; Guided by Rajani Suresh. |
| 260 ## - PUBLICATION, DISTRIBUTION, ETC. | |
| Place of publication, distribution, etc. | Bengaluru ; |
| Date of publication, distribution, etc. | 2024. |
| 650 ## - SUBJECT ADDED ENTRY--TOPICAL TERM | |
| Topical term or geographic name entry element | Industry profile company profile introduction |
| 9 (RLIN) | 178402 |
| 650 ## - SUBJECT ADDED ENTRY--TOPICAL TERM | |
| Topical term or geographic name entry element | Literature review objectives and conceptual framework |
| 9 (RLIN) | 178403 |
| 650 ## - SUBJECT ADDED ENTRY--TOPICAL TERM | |
| Topical term or geographic name entry element | Data analysis and interpretation |
| 9 (RLIN) | 178404 |
| 700 ## - ADDED ENTRY--PERSONAL NAME | |
| Personal name | Suresh, Rajani. |
| Relator term | Guide |
| 9 (RLIN) | 178405 |
| 856 ## - ELECTRONIC LOCATION AND ACCESS | |
| Materials specified | ITC Limited |
| Uniform Resource Identifier | <a href="www.itcportal.com">www.itcportal.com</a> |
| 942 ## - ADDED ENTRY ELEMENTS (KOHA) | |
| Source of classification or shelving scheme | Dewey Decimal Classification |
| Koha item type | Project Report |
| Withdrawn status | Lost status | Source of classification or shelving scheme | Damaged status | Not for loan | Collection code | Home library | Current library | Shelving location | Date acquired | Total Checkouts | Barcode | Date last seen | Copy number | Uniform Resource Identifier | Price effective from | Koha item type |
|---|---|---|---|---|---|---|---|---|---|---|---|---|---|---|---|---|
| Dewey Decimal Classification | Not for loan | Project Report MBA | St Aloysius Institute of Management & Information Technology | St Aloysius Institute of Management & Information Technology | Dissertations | 09/02/2024 | PRB02287 | 09/02/2024 | 2216073 | www.itcportal.com | 09/02/2024 | Project Report |